| 000 | 00562pab a2200181 454500 | ||
|---|---|---|---|
| 008 | 180718b2006 xxu||||| |||| 00| 0 eng d | ||
| 100 | _aShaban, Abdul | ||
| 245 | _aRegional structures, growth and convergence of income in Maharashtra | ||
| 260 | _c2006 | ||
| 300 | _ap.1803-815. | ||
| 362 | _a6 May | ||
| 650 | _aIncome - India - Maharashtra | ||
| 650 | _aEconomic and social development - India - Maharashtra | ||
| 650 | _aEconomic growth - India - Maharashtra | ||
| 650 | _aEconomic growth | ||
| 773 | _aEconomic and Political Weekly | ||
| 909 | _a69595 | ||
| 999 |
_c69595 _d69595 |
||